Central Library OPAC University of Rajshahi

Expanding tactics for listening / (Record no. 38315)

MARC details
000 -LEADER
fixed length control field 00942nam a2200265 i 4500
001 - CONTROL NUMBER
control field 38315
003 - CONTROL NUMBER IDENTIFIER
rucl marc code BD-RjUL
005 - DATE AND TIME OF LATEST TRANSACTION
control field 20211209052753.0
008 - FIXED-LENGTH DATA ELEMENTS--GENERAL INFORMATION
fixed length control field 110714s2011 nyua 000 0 eng d
020 ## - INTERNATIONAL STANDARD BOOK NUMBER
International Standard Book Number 9780194013864
035 ## - SYSTEM CONTROL NUMBER
System control number (BD-RjUL)38420
040 ## - CATALOGING SOURCE
Original cataloging agency StEdALDL
Description conventions rda
Transcribing agency BD-RjUL
Modifying agency BD-RjUL
082 ## - DEWEY DECIMAL CLASSIFICATION NUMBER
Edition number 23
Classification number 421.24
Author mark and year RIT 2011
100 1# - MAIN ENTRY--PERSONAL NAME
Personal name Richards, Jack C.,
Dates associated with a name 1943-
9 (RLIN) 118367
245 10 - TITLE STATEMENT
Title Expanding tactics for listening /
Statement of responsibility, etc. Jack C. Richards with Grant Trew.
246 18 - VARYING FORM OF TITLE
Title proper/short title Expanding tactics for listening.
250 ## - EDITION STATEMENT
Edition statement Third edition.
260 ## - PUBLICATION, DISTRIBUTION, ETC. (IMPRINT)
Place of publication, distribution, etc. New York, NY :
Name of publisher, distributor, etc. Oxford University Press,
Date of publication, distribution, etc. 2011
300 ## - PHYSICAL DESCRIPTION
Pagination ix, 112 pages :
Illustrations illustrations ;
Size 28 cm.
650 #0 - SUBJECT ADDED ENTRY--TOPICAL TERM
Topical term or geographic name as entry element English language
Form subdivision Textbooks for foreign speakers.
9 (RLIN) 117011
Topical term or geographic name as entry element English language
General subdivision Study and teaching
-- Foreign speakers.
9 (RLIN) 118368
Topical term or geographic name as entry element Listening
Form subdivision Problems, exercises, etc.
9 (RLIN) 118369
700 1# - ADDED ENTRY--PERSONAL NAME
Personal name Trew, Grant,
Relator term author.
942 ## - ADDED ENTRY ELEMENTS (KOHA)
Source of classification or shelving scheme Dewey Decimal Classification
Koha item type Audio Visual (AV) Materials
Holdings
Lost status Source of classification or shelving scheme Damaged status Not for loan Permanent Location Current Location Shelving location Date acquired Source of acquisition Cost, normal purchase price Total Checkouts Full call number Date last seen Copy number Koha item type
  Dewey Decimal Classification   Not For Loan Central Library, University of Rajshahi Central Library, University of Rajshahi Audio Visual Section 03/11/2015 Karim International 990.00   AV 421.24 RIT 2011 03/11/2015 C.1 Audio Visual (AV) Materials